000
00310nam a22001457a 4500
008
190205b xxu||||| |||| 00| 0 eng d
020
_a
013876848
041
_a
eng
080
_a
37
082
_a
37
100
_a
47
101
_a
EDU
245
_a
Supervision today
_c
Robbins PStephen
942
_2
udc
_c
BK
999
_c
53992
_d
53992